Hsv spiele Saison 23/24 Hinrunde - Statistiken

Allgemein
  • Dieses Quiz wurde 129 mal gespielt
  • Das Durchschnittsergebnis liegt bei 10 aus 15
Antwortstatistiken
Hint Antwort % Korrekt
Schalke 04 5:3
99%
Ksc 2:2
86%
Hertha bsc 3:0
79%
Hanover 0:1
71%
Wehen wiesbaden 1:1
68%
Osnabrück 2:1
66%
Elversberg 2:1
65%
Hansa Rostock 2:0
64%
Stadtteil 2:2
62%
Düsseldorf 1:0
61%
Fürth 2:0
58%
Kaiserslautern 3:3
58%
Mageburg 2:0
51%
Braunschweig Peine 2:1
51%
Kiel 4:2
48%
Keine übereinstimmenden Quizze gefunden
Verteilung der Resultate
Anzahl Personen mit jedem Resultat
Perzentil nach korrekt beantworteten Fragen
Ihre Resultats-Entwicklung
Sie haben dieses Quiz noch nicht gespielt